[Event "try it"]
[Site "SchemingMind.com"]
[Date "2020.10.06"]
[Round "-"]
[White "cnile"]
[Black "Shanks"]
[Result "1-0"]
[WhiteCountry "SCO"]
[BlackCountry "ENG"]
[WhiteElo "1433"]
[WhiteRD "62"]
[BlackElo "1082"]
[BlackRD "64"]
[GameID "460710"]

1. d4 Nf6 2. c4 g6 3. Nc3 Bg7 4. e4 d6 5. f3 O-O 6. Bd3 Nc6 7. Nge2 Nb4 8. Be3 Nxd3+ 9. Qxd3 c6 10. O-O c5
11. d5 Re8 12. Rab1 e6 13. b3 e5 14. Kh1 b6 15. a3 Rb8 16. Qd2 Bh8 17. f4 exf4 18. Bxf4 Nxe4 19. Nxe4
1-0

[Event "try it"]
[Site "SchemingMind.com"]
[Date "2020.10.05"]
[Round "-"]
[White "Shanks"]
[Black "cnile"]
[Result "0-1"]
[WhiteCountry "ENG"]
[BlackCountry "SCO"]
[WhiteElo "1124"]
[WhiteRD "60"]
[BlackElo "1458"]
[BlackRD "64"]
[GameID "460711"]

1. d4 Nf6 2. c4 g6 3. Nc3 Bg7 4. e4 d6 5. f3 O-O 6. d5 e5 7. dxe6 Bxe6 8. Bd3 Nc6 9. Nge2 Qd7 10. a3 Ne5
11. Nf4 Bxc4 12. Bc2 c6 13. Nb1 Rfe8 14. Nd2 g5 15. Nxc4 gxf4 16. Nxe5 dxe5 17. Qe2 Rad8 18. O-O Re6
0-1

[Event "try it"]
[Site "SchemingMind.com"]
[Date "2020.10.08"]
[Round "-"]
[White "Derek Price"]
[Black "cnile"]
[Result "1-0"]
[WhiteCountry "ENG"]
[BlackCountry "SCO"]
[WhiteElo "2259"]
[WhiteRD "72"]
[BlackElo "1433"]
[BlackRD "62"]
[GameID "460903"]

1. d4 Nf6 2. c4 g6 3. Nc3 Bg7 4. e4 d6 5. f3 O-O 6. Be3 Nbd7 7. Qd2 e5 8. d5 a6 9. Bd3 Kh8 10. Nge2 Ne8
11. O-O f5 12. exf5 gxf5 13. b4 Ndf6 14. Bg5 Bd7 15. Ng3 c6 16. Nxf5 Qb6+ 17. Be3 Qc7 18. Rac1 Kg8 19. Qf2 Rc8 20. Ne7+ Kh8
21. Nxc8 Qxc8 22. Rfd1 cxd5 23. cxd5 Qd8 24. Qh4 Qe7 25. Bxh7 Bb5 26. Nxb5 axb5 27. Bf5+ Kg8 28. Be6+ Qxe6 29. dxe6
1-0

[Event "try it"]
[Site "SchemingMind.com"]
[Date "2020.10.07"]
[Round "-"]
[White "cnile"]
[Black "Derek Price"]
[Result "0-1"]
[WhiteCountry "SCO"]
[BlackCountry "ENG"]
[WhiteElo "1458"]
[WhiteRD "64"]
[BlackElo "2305"]
[BlackRD "73"]
[GameID "460904"]

1. d4 Nf6 2. c4 g6 3. Nc3 Bg7 4. e4 d6 5. f3 O-O 6. Bd3 e5 7. d5 c6 8. Nge2 cxd5 9. cxd5 Ne8 10. Be3 Nd7
11. O-O Nc5 12. Bc2 a5 13. Kh1 Bd7 14. a3 Nc7 15. Rc1 b5 16. b4 axb4 17. axb4 Na4 18. Qd3 Nb2 19. Qd2 Nc4 20. Qd3 Ra3
21. Bd2 Nb2 22. Qe3 Nxd5 23. Nxd5 Rxe3 24. Bxe3 Nc4 25. Bf2 f5 26. Bb3 fxe4 27. Ng1 Be6 28. fxe4 Bxd5 29. Ne2 Bxe4
0-1

[Event "try it"]
[Site "SchemingMind.com"]
[Date "2020.10.09"]
[Round "-"]
[White "Derek Price"]
[Black "Shanks"]
[Result "1-0"]
[WhiteCountry "ENG"]
[BlackCountry "ENG"]
[WhiteElo "2305"]
[WhiteRD "73"]
[BlackElo "1124"]
[BlackRD "60"]
[GameID "460905"]

1. d4 Nf6 2. c4 g6 3. Nc3 Bg7 4. e4 d6 5. f3 O-O 6. Be3 a6 7. Qd2 Nbd7 8. Nh3 c5 9. Nf2 cxd4 10. Bxd4 e5
11. Be3 Nb8 12. O-O-O Nc6 13. Qxd6 Qe8 14. Nd3 Nd7 15. Nd5 Qe6 16. Qxe6 fxe6 17. Nc7 b5 18. Nxa8 bxc4 19. Nc5 Nxc5 20. Bxc5 Re8
21. Nc7 Rd8 22. Rxd8+ Nxd8 23. Bxc4 a5 24. Rd1 Bh6+ 25. Kc2 Kg7 26. Rxd8 Bf4 27. Rxc8 Bxh2 28. Nxe6+ Kh6 29. g4 g5 30. Rg8 Bg3
31. Bf8#
1-0

[Event "try it"]
[Site "SchemingMind.com"]
[Date "2020.10.09"]
[Round "-"]
[White "Shanks"]
[Black "Derek Price"]
[Result "0-1"]
[WhiteCountry "ENG"]
[BlackCountry "ENG"]
[WhiteElo "1206"]
[WhiteRD "64"]
[BlackElo "2302"]
[BlackRD "71"]
[GameID "460906"]

1. d4 Nf6 2. c4 g6 3. Nc3 Bg7 4. e4 d6 5. f3 O-O 6. d5 c5 7. dxc6 bxc6 8. Bd3 Na6 9. a3 Nc5 10. Bc2 Be6
11. Be3 Bxc4 12. Nh3 Rb8 13. Qc1 Nb3 14. Bxb3 Rxb3 15. Kf2 Qb8 16. Bd2 Qb6+ 17. Ke1 Nd7 18. Nf2 Nc5 19. Nfd1 Nd3+ 20. Kf1 Nxc1+
21. Ke1 Nd3+ 22. Ke2 Nf4+ 23. Ke1 Nxg2#
0-1

[Event "try it"]
[Site "SchemingMind.com"]
[Date "2020.10.15"]
[Round "-"]
[White "Derek Price"]
[Black "maro"]
[Result "1-0"]
[WhiteCountry "ENG"]
[BlackCountry "MEX"]
[WhiteElo "2305"]
[WhiteRD "73"]
[BlackElo "1460"]
[BlackRD "60"]
[GameID "461125"]

1. d4 Nf6 2. c4 g6 3. Nc3 Bg7 4. e4 d6 5. f3 c6 6. Be3 O-O 7. Qd2 e5 8. Nge2 exd4 9. Nxd4 c5 10. Ndb5 a6
11. Nxd6 Be6 12. Nxb7 Qxd2+ 13. Kxd2 Nc6 14. Nxc5 Rfd8+ 15. Nd5 Rab8 16. Rb1 Nb4 17. a3 Nbxd5 18. cxd5 Bxd5 19. exd5 Rxd5+ 20. Bd3 Nd7
21. Nxd7 Rxd7 22. b4 Rc8 23. Rhc1 Rcd8 24. Rb3 f5 25. Ke2 Bb2 26. Bc4+ Kg7 27. Rxb2
1-0

[Event "try it"]
[Site "SchemingMind.com"]
[Date "2020.10.14"]
[Round "-"]
[White "maro"]
[Black "Derek Price"]
[Result "0-1"]
[WhiteCountry "MEX"]
[BlackCountry "ENG"]
[WhiteElo "1487"]
[WhiteRD "60"]
[BlackElo "2259"]
[BlackRD "72"]
[GameID "461126"]

1. d4 Nf6 2. c4 g6 3. Nc3 Bg7 4. e4 d6 5. f3 O-O 6. Bg5 c5 7. d5 a6 8. Bd3 Nbd7 9. a3 Ne5 10. Nge2 Nxd3+
11. Qxd3 Nd7 12. b4 cxb4 13. axb4 Ne5 14. Qc2 Nxc4 15. O-O h6 16. Bf4 Bd7 17. Ra2 Qb6+ 18. Kh1 Ne3 19. Bxe3 Qxe3 20. Nd1 Qb6
21. Nb2 Qxb4 22. Rb1 Rfc8 23. Qd1 Qc5 24. Nd3 Qc7 25. Rc1 Qd8 26. Rb1 Rc7 27. Rc2 Ba4 28. Qd2 Rxc2 29. Qe3 Bb5 30. Rd1 Rac8
31. h3 Bxd3 32. Rxd3 Qa5 33. Ra3 Qe1+ 34. Kh2 Rxe2 35. Qd3 Rcc2
0-1

[Event "try it"]
[Site "SchemingMind.com"]
[Date "2020.10.14"]
[Round "-"]
[White "cnile"]
[Black "maro"]
[Result "0-1"]
[WhiteCountry "SCO"]
[BlackCountry "MEX"]
[WhiteElo "1433"]
[WhiteRD "62"]
[BlackElo "1487"]
[BlackRD "60"]
[GameID "461127"]

1. d4 Nf6 2. c4 g6 3. Nc3 Bg7 4. e4 d6 5. f3 O-O 6. Bd3 c6 7. Nge2 e5 8. dxe5 dxe5 9. Be3 b6 10. O-O c5
11. Rc1 Nc6 12. a3 a6 13. Nd5 Nxd5 14. exd5 Nd4 15. Bxd4 exd4 16. Qe1 Qg5 17. Ng3 Bd7 18. b4 Rae8 19. Qf2 h5 20. Ne4 Qf4
21. bxc5 bxc5 22. Nxc5 Be5 23. Nxd7 Qxh2#
0-1

[Event "try it"]
[Site "SchemingMind.com"]
[Date "2020.10.14"]
[Round "-"]
[White "maro"]
[Black "cnile"]
[Result "1/2-1/2"]
[WhiteCountry "MEX"]
[BlackCountry "SCO"]
[WhiteElo "1487"]
[WhiteRD "60"]
[BlackElo "1433"]
[BlackRD "62"]
[GameID "461128"]

1. d4 Nf6 2. c4 g6 3. Nc3 Bg7 4. e4 d6 5. f3 O-O 6. c5 Nc6 7. d5 Ne5 8. Bf4 Nfd7 9. cxd6 exd6 10. Nge2 Re8
11. Qd2 Nxf3+ 12. gxf3 Ne5 13. Bg5 Qd7 14. h4 Nxf3+ 15. Kd1 Nxd2 16. Bh3 Qxh3 17. Rxh3 Bxh3 18. Kxd2 Bd7 19. Nf4 Rad8 20. Bxd8 Rxd8
21. Rh1 h5 22. b3 Bh6 23. Rf1 a6 24. Kd3 Kg7 25. Nfe2 Re8 26. Rg1 b5 27. b4=
1/2-1/2

[Event "try it"]
[Site "SchemingMind.com"]
[Date "2020.10.15"]
[Round "-"]
[White "Shanks"]
[Black "maro"]
[Result "0-1"]
[WhiteCountry "ENG"]
[BlackCountry "MEX"]
[WhiteElo "1124"]
[WhiteRD "60"]
[BlackElo "1460"]
[BlackRD "60"]
[GameID "461129"]

1. d4 Nf6 2. c4 g6 3. Nc3 Bg7 4. e4 d6 5. f3 c6 6. Nge2 e5 7. d5 cxd5 8. cxd5 O-O 9. Be3 b6 10. Nc1 Ba6
11. N1e2 Nbd7 12. Qd2 Nc5 13. h3 Nd3+ 14. Kd1 Nh5 15. Bg5 Nf2+ 16. Ke1 Nxh1 17. Bxd8 Raxd8 18. g4 Bxe2 19. Nxe2 N5g3 20. Nxg3 Nxg3
21. Bg2 f5 22. gxf5 gxf5 23. b3 fxe4 24. fxe4 Rf4
0-1

[Event "try it"]
[Site "SchemingMind.com"]
[Date "2020.10.15"]
[Round "-"]
[White "maro"]
[Black "Shanks"]
[Result "1-0"]
[WhiteCountry "MEX"]
[BlackCountry "ENG"]
[WhiteElo "1487"]
[WhiteRD "60"]
[BlackElo "1082"]
[BlackRD "64"]
[GameID "461130"]

1. d4 Nf6 2. c4 g6 3. Nc3 Bg7 4. e4 d6 5. f3 O-O 6. c5 d5 7. e5 Ne8 8. Bg5 c6 9. Bd3 b6 10. cxb6 axb6
11. Qd2 Qc7 12. Nge2 e6 13. O-O c5 14. dxc5 bxc5 15. Nb5 Qb6 16. Be7 c4+ 17. Nbd4 cxd3 18. Qxd3 Bxe5 19. Bxf8 Kxf8 20. Rfc1 Nd6
21. a4 Nd7 22. Rc6
1-0

[Event "try it"]
[Site "SchemingMind.com"]
[Date "2020.10.30"]
[Round "-"]
[White "Derek Price"]
[Black "Phillip Beckett"]
[Result "1-0"]
[WhiteCountry "ENG"]
[BlackCountry "ENG"]
[WhiteElo "2305"]
[WhiteRD "73"]
[BlackElo "1502"]
[BlackRD "53"]
[GameID "461569"]

1. d4 Nf6 2. c4 g6 3. Nc3 Bg7 4. e4 d6 5. f3 O-O 6. Be3 Nbd7 7. Qd2 e5 8. Nge2 exd4 9. Nxd4 Ne5 10. Be2 Be6
11. Nxe6 fxe6 12. Rd1 Qe7 13. O-O Nh5 14. g4 Nf6 15. b4 Rad8 16. g5 Nh5 17. f4 Nd7 18. Bxh5 gxh5 19. Nb5 Nb6 20. Rc1 a6
21. Nd4 Kh8 22. f5 exf5 23. exf5 Be5 24. Qe2 Kg8 25. Ne6
1-0

[Event "try it"]
[Site "SchemingMind.com"]
[Date "2020.10.30"]
[Round "-"]
[White "Phillip Beckett"]
[Black "Derek Price"]
[Result "0-1"]
[WhiteCountry "ENG"]
[BlackCountry "ENG"]
[WhiteElo "1502"]
[WhiteRD "53"]
[BlackElo "2305"]
[BlackRD "73"]
[GameID "461570"]

1. d4 Nf6 2. c4 g6 3. Nc3 Bg7 4. e4 d6 5. f3 O-O 6. Be3 e5 7. d5 Nh5 8. Qd2 f5 9. Bh6 Qh4+ 10. Qf2 Qxf2+
11. Kxf2 Bxh6
0-1

[Event "try it"]
[Site "SchemingMind.com"]
[Date "2020.10.31"]
[Round "-"]
[White "cnile"]
[Black "Phillip Beckett"]
[Result "0-1"]
[WhiteCountry "SCO"]
[BlackCountry "ENG"]
[WhiteElo "1433"]
[WhiteRD "62"]
[BlackElo "1451"]
[BlackRD "50"]
[GameID "461571"]

1. d4 Nf6 2. c4 g6 3. Nc3 Bg7 4. e4 d6 5. f3 O-O 6. Bd3 Nbd7 7. Nge2 c5 8. d5 Ne5 9. Be3 Nxd3+ 10. Qxd3 a6
11. a4 Rb8 12. g4 Qa5 13. O-O h6 14. h4 Qb4 15. Rfb1 Bd7 16. Bd2 Qb6 17. Ng3 Qc7 18. b4 cxb4 19. Rxb4 b5 20. axb5 axb5
21. Nxb5 Bxb5 22. Rxb5 Rxb5 23. cxb5 Rb8 24. Rc1 Qb6+ 25. Kg2 Qxb5 26. Rc8+ Kh7 27. Qxb5 Rxb5 28. Re8 Nxe8 29. Kh3 Rb2
0-1

[Event "try it"]
[Site "SchemingMind.com"]
[Date "2020.10.31"]
[Round "-"]
[White "Phillip Beckett"]
[Black "cnile"]
[Result "1-0"]
[WhiteCountry "ENG"]
[BlackCountry "SCO"]
[WhiteElo "1451"]
[WhiteRD "50"]
[BlackElo "1433"]
[BlackRD "62"]
[GameID "461572"]

1. d4 Nf6 2. c4 g6 3. Nc3 Bg7 4. e4 d6 5. f3 c6 6. d5 O-O 7. Be3 cxd5 8. cxd5 Nbd7 9. Bd3 Ne8 10. Qd2 Ne5
11. Bc2 Nc4 12. Qc1 Nxe3 13. Qxe3 Bd7 14. h4 a6 15. Nh3 f5 16. h5 fxe4 17. fxe4 Rc8 18. hxg6 e5 19. dxe6 Bxe6 20. gxh7+ Kxh7
21. e5+ Kg8 22. O-O-O Bxe5 23. Qh6 Bf4+ 24. Nxf4 Qc7 25. Qh8+ Kf7 26. Rh7+ Ng7 27. Qxg7+ Ke8 28. Qg6+ Bf7 29. Re1+ Kd8 30. Ne6+
1-0

[Event "try it"]
[Site "SchemingMind.com"]
[Date "2020.11.01"]
[Round "-"]
[White "Shanks"]
[Black "Phillip Beckett"]
[Result "0-1"]
[WhiteCountry "ENG"]
[BlackCountry "ENG"]
[WhiteElo "1124"]
[WhiteRD "60"]
[BlackElo "1502"]
[BlackRD "53"]
[GameID "461573"]

1. d4 Nf6 2. c4 g6 3. Nc3 Bg7 4. e4 d6 5. f3 O-O 6. d5 Nbd7 7. Nge2 e5 8. Ng3 h6 9. Bd3 Kh7 10. O-O c5
11. Kh1 Ng8 12. f4 exf4 13. Bxf4 Nb6 14. Rb1 Ne7 15. a3 a5 16. b3 a4 17. Nb5 axb3 18. Rxb3 f5 19. exf5 Nxf5 20. Nxf5 Bxf5
21. Be2 Nc8 22. Nxd6 Nxd6 23. Bc1 Qe7 24. Bf3 Be4
0-1

[Event "try it"]
[Site "SchemingMind.com"]
[Date "2020.11.01"]
[Round "-"]
[White "Phillip Beckett"]
[Black "Shanks"]
[Result "0-1"]
[WhiteCountry "ENG"]
[BlackCountry "ENG"]
[WhiteElo "1502"]
[WhiteRD "53"]
[BlackElo "1124"]
[BlackRD "60"]
[GameID "461574"]

1. d4 Nf6 2. c4 g6 3. Nc3 Bg7 4. e4 d6 5. f3 O-O 6. Be3 a6 7. Qd2 Bh8 8. h4 Nh5 9. g4 Ng3 10. Rh3 Nxf1
11. Kxf1 Nd7 12. d5 Ne5 13. h5 gxh5 14. Rxh5 Bg7 15. b3 Nxf3 16. Nxf3 Bxg4 17. Bh6 Bxh5 18. Bxg7 Kxg7 19. Qg5+ Bg6 20. Nh4 Qd7
21. Nf5+ Kh8 22. Nxe7 Qh3+ 23. Ke2 Qxc3 24. Rh1 Qc2+ 25. Ke3 Qxe4+
0-1

[Event "try it"]
[Site "SchemingMind.com"]
[Date "2020.11.03"]
[Round "-"]
[White "maro"]
[Black "Phillip Beckett"]
[Result "1-0"]
[WhiteCountry "MEX"]
[BlackCountry "ENG"]
[WhiteElo "1460"]
[WhiteRD "60"]
[BlackElo "1502"]
[BlackRD "53"]
[GameID "461575"]

1. d4 Nf6 2. c4 g6 3. Nc3 Bg7 4. e4 d6 5. f3 O-O 6. c5 dxc5 7. d5 c6 8. Bc4 cxd5 9. exd5 Nbd7 10. Nge2 b6
11. Nb5 a6 12. Nbc3 b5 13. Bd3 c4 14. Be4 Nc5 15. Nf4 Ncxe4 16. Nxe4 Bb7 17. Nxf6+ Bxf6 18. O-O Bg7 19. Re1 Bh6 20. Be3 Bxf4
21. Bxf4 Qxd5 22. Qc2 Rad8 23. Rad1 Qc6 24. Bh6 Rfe8 25. Qc3 f6 26. Qb4 e5 27. Rd2 Rxd2 28. Bxd2 Rd8 29. Bh6 Rd3 30. Qf8#
1-0

[Event "try it"]
[Site "SchemingMind.com"]
[Date "2020.11.03"]
[Round "-"]
[White "Phillip Beckett"]
[Black "maro"]
[Result "0-1"]
[WhiteCountry "ENG"]
[BlackCountry "MEX"]
[WhiteElo "1502"]
[WhiteRD "53"]
[BlackElo "1460"]
[BlackRD "60"]
[GameID "461576"]

1. d4 Nf6 2. c4 g6 3. Nc3 Bg7 4. e4 d6 5. f3 c6 6. Be3 O-O 7. Qd2 e5 8. d5 cxd5 9. cxd5 b6 10. Rc1 Ba6
11. Bxa6 Nxa6 12. Nge2 Rc8 13. Nb5 Rxc1+ 14. Qxc1 Qd7 15. O-O Qxb5 16. Nc3 Qc4 17. b3 Qc7 18. Qd2 Nc5 19. Bg5 Nh5 20. Nb5 Qd7
21. Nc3 f6 22. Bh6 Bxh6 23. Qxh6 Nd3 24. Rd1 Ndf4 25. g4 Nh3+ 26. Kg2 N5f4+ 27. Kg3 Rc8 28. Rc1 Ng1 29. Rxg1 Rxc3 30. h4 Ne2+
31. Kf2 Nxg1
0-1

[Event "try it"]
[Site "SchemingMind.com"]
[Date "2020.10.30"]
[Round "-"]
[White "Derek Price"]
[Black "Chessibelle"]
[Result "1-0"]
[WhiteCountry "ENG"]
[BlackCountry "ENG"]
[WhiteElo "2305"]
[WhiteRD "73"]
[BlackElo "1123"]
[BlackRD "60"]
[GameID "461582"]

1. d4 Nf6 2. c4 g6 3. Nc3 Bg7 4. e4 d6 5. f3 O-O 6. Be3 b6 7. Qd2 c5 8. d5 Nbd7 9. Be2 Ne5 10. Nh3 Bd7
11. Nf2 e6 12. O-O Nh5 13. f4 Qh4 14. fxe5 Bxe5 15. Ng4 Bg7 16. Bg5
1-0

[Event "try it"]
[Site "SchemingMind.com"]
[Date "2020.10.30"]
[Round "-"]
[White "Chessibelle"]
[Black "Derek Price"]
[Result "0-1"]
[WhiteCountry "ENG"]
[BlackCountry "ENG"]
[WhiteElo "1123"]
[WhiteRD "60"]
[BlackElo "2305"]
[BlackRD "73"]
[GameID "461583"]

1. d4 Nf6 2. c4 g6 3. Nc3 Bg7 4. e4 d6 5. f3 O-O 6. Be2 Nbd7 7. h3 Nh5 8. Bf4 Nxf4 9. Bf1 e5 10. Qd2 exd4
11. Nd1 Qh4+ 12. Nf2 Ne5 13. b3 c5 14. Qa5 Nfd3+ 15. Ke2 Qxf2+
0-1

[Event "try it"]
[Site "SchemingMind.com"]
[Date "2020.10.31"]
[Round "-"]
[White "cnile"]
[Black "Chessibelle"]
[Result "1-0"]
[WhiteCountry "SCO"]
[BlackCountry "ENG"]
[WhiteElo "1433"]
[WhiteRD "62"]
[BlackElo "1133"]
[BlackRD "61"]
[GameID "461584"]

1. d4 Nf6 2. c4 g6 3. Nc3 Bg7 4. e4 d6 5. f3 O-O 6. Bd3 b6 7. Nge2 Nbd7 8. O-O e5 9. d5 Nc5 10. b4 Nxd3
11. Qxd3 Bd7 12. a4 h6 13. Be3 g5 14. a5 Nh7 15. axb6 cxb6 16. c5 Qc7 17. c6 Bc8 18. Nb5 Qe7 19. Ng3 Nf6 20. Nf5 Qe8
21. Nbxd6 Qd8 22. Nxc8 Rxc8 23. b5 Bh8 24. Nxh6+ Kh7 25. Bxg5 Qd6 26. Rxa7 Qb8 27. Rfa1 Qd6 28. Be3 Nh5 29. Nxf7 Qg6 30. Nxe5+
1-0

[Event "try it"]
[Site "SchemingMind.com"]
[Date "2020.10.31"]
[Round "-"]
[White "Chessibelle"]
[Black "cnile"]
[Result "0-1"]
[WhiteCountry "ENG"]
[BlackCountry "SCO"]
[WhiteElo "1123"]
[WhiteRD "60"]
[BlackElo "1458"]
[BlackRD "64"]
[GameID "461585"]

1. d4 Nf6 2. c4 g6 3. Nc3 Bg7 4. e4 d6 5. f3 O-O 6. h3 c6 7. Bd2 Nbd7 8. g4 e5 9. Nce2 exd4 10. Nxd4 Nxg4
11. fxg4 Bxd4 12. Rb1 Qh4+
0-1

[Event "try it"]
[Site "SchemingMind.com"]
[Date "2020.11.01"]
[Round "-"]
[White "Shanks"]
[Black "Chessibelle"]
[Result "0-1"]
[WhiteCountry "ENG"]
[BlackCountry "ENG"]
[WhiteElo "1124"]
[WhiteRD "60"]
[BlackElo "1123"]
[BlackRD "60"]
[GameID "461586"]

1. d4 Nf6 2. c4 g6 3. Nc3 Bg7 4. e4 d6 5. f3 O-O 6. d5 Na6 7. a3 Nc5 8. Rb1 b6 9. Nb5 e6 10. b4 Ncd7
11. Nh3 e5 12. Nc3 Nh5 13. Bg5 f6 14. Bd2 f5 15. exf5 Rxf5 16. Ne4 Nhf6 17. Nxf6+ Qxf6 18. Ng1 Qe7 19. Nh3 h6 20. Nf2 Bb7
21. Ne4 Qh4+ 22. Ke2 Qe7 23. g4 Rf7
0-1

[Event "try it"]
[Site "SchemingMind.com"]
[Date "2020.11.01"]
[Round "-"]
[White "Chessibelle"]
[Black "Shanks"]
[Result "1-0"]
[WhiteCountry "ENG"]
[BlackCountry "ENG"]
[WhiteElo "1133"]
[WhiteRD "61"]
[BlackElo "1082"]
[BlackRD "64"]
[GameID "461587"]

1. d4 Nf6 2. c4 g6 3. Nc3 Bg7 4. e4 d6 5. f3 O-O 6. h3 Nh5 7. g4 Ng3 8. Rh2 Nxf1 9. Kxf1 Nd7 10. a4 a5
11. Be3 Nb6 12. Qe2 Be6 13. Qd2 Bxc4+ 14. Nce2 Bxe2+ 15. Nxe2 Nc4 16. Qd3 Nxe3+ 17. Qxe3 e5 18. h4 exd4 19. Nxd4 c5 20. Nc2 Bxb2
21. Rb1 Bg7 22. f4 Qd7 23. f5 f6 24. Qh3 Rab8 25. h5 g5 26. Ne3
1-0

[Event "try it"]
[Site "SchemingMind.com"]
[Date "2020.11.04"]
[Round "-"]
[White "maro"]
[Black "Chessibelle"]
[Result "1-0"]
[WhiteCountry "MEX"]
[BlackCountry "ENG"]
[WhiteElo "1460"]
[WhiteRD "60"]
[BlackElo "1123"]
[BlackRD "60"]
[GameID "461588"]

1. d4 Nf6 2. c4 g6 3. Nc3 Bg7 4. e4 d6 5. f3 O-O 6. b4 a6 7. Nge2 Nc6 8. a3 e6 9. b5 Na7 10. bxa6 b6
11. Nb5 Bd7 12. a4 Nc6 13. Nec3 Qc8 14. d5 Ne7 15. Be2 Qxa6 16. Nxc7 Qa5 17. Bd2 Rfc8 18. N3b5
1-0

[Event "try it"]
[Site "SchemingMind.com"]
[Date "2020.11.04"]
[Round "-"]
[White "Chessibelle"]
[Black "maro"]
[Result "0-1"]
[WhiteCountry "ENG"]
[BlackCountry "MEX"]
[WhiteElo "1123"]
[WhiteRD "60"]
[BlackElo "1460"]
[BlackRD "60"]
[GameID "461589"]

1. d4 Nf6 2. c4 g6 3. Nc3 Bg7 4. e4 d6 5. f3 O-O 6. h3 c5 7. g4 Qa5 8. Bd2 cxd4 9. Nce2 Qc5 10. b3 d3
11. Ng3 Nc6 12. Bxd3 Qe5 13. N1e2 Nd4 14. Bc3 Nxf3+ 15. Kf2 Qc5+ 16. Kf1 e5 17. Kg2 Nh4+
0-1

[Event "try it"]
[Site "SchemingMind.com"]
[Date "2020.10.30"]
[Round "-"]
[White "Phillip Beckett"]
[Black "Chessibelle"]
[Result "1-0"]
[WhiteCountry "ENG"]
[BlackCountry "ENG"]
[WhiteElo "1502"]
[WhiteRD "53"]
[BlackElo "1123"]
[BlackRD "60"]
[GameID "461590"]

1. d4 Nf6 2. c4 g6 3. Nc3 Bg7 4. e4 d6 5. f3 O-O 6. Be3 b6 7. Qd2 Qd7 8. h4 h5 9. Nh3 Qc6 10. O-O-O Na6
11. d5 Qb7 12. Bh6 Nh7 13. Bxg7 Kxg7 14. Ng5 c6 15. Kb1 c5 16. Bd3 Nb4 17. Be2 Nf6 18. a3 Na6 19. Rdg1 Nc7 20. g4 Rh8
21. gxh5 Nxh5 22. f4 f6 23. Bxh5 Rxh5 24. f5 Ne8 25. Ne6+ Kg8 26. Rxg6+ Kf7 27. Rh6 Ng7 28. Rxh5 Nxh5 29. Qh6 Bxe6 30. Qxh5+ Kf8
31. fxe6 Qc8 32. Qf7#
1-0

[Event "try it"]
[Site "SchemingMind.com"]
[Date "2020.10.30"]
[Round "-"]
[White "Chessibelle"]
[Black "Phillip Beckett"]
[Result "0-1"]
[WhiteCountry "ENG"]
[BlackCountry "ENG"]
[WhiteElo "1123"]
[WhiteRD "60"]
[BlackElo "1502"]
[BlackRD "53"]
[GameID "461591"]

1. d4 Nf6 2. c4 g6 3. Nc3 Bg7 4. e4 d6 5. f3 O-O 6. g3 Nbd7 7. Nge2 e5 8. Bg2 exd4 9. Nxd4 Ne5 10. h3 Nxc4
11. b3 Ne5 12. g4 h6 13. O-O Kh7 14. Be3 Nfd7 15. Qd2 f5 16. exf5 gxf5 17. Qc2 Nc5 18. gxf5 Qf6 19. f4 Nc6 20. Nd5 Qd8
21. f6+ Kg8 22. Rf3 Bxf6 23. Qg6+ Bg7 24. Rg3 Qd7 25. Rf1 Qf7 26. Qc2 Nxd4 27. Qf2 Nf5 28. Rg4 Nxe3 29. Qxe3 Bxg4 30. hxg4 Rae8
31. Qf3 Bd4+ 32. Kh2 c6 33. Nc3 Qf6= 34. f5 Qh4+ 35. Bh3 Be5+ 36. Kg2 Bxc3 37. Rf2= Bd4 38. Rd2 Re3 39. Qf4= Qxh3+ 40. Kf2 Rf3+
0-1

[Event "try it"]
[Site "SchemingMind.com"]
[Date "2020.11.08"]
[Round "-"]
[White "Derek Price"]
[Black "Exal Garcia-Carrillo"]
[Result "1-0"]
[WhiteCountry "ENG"]
[BlackCountry "MEX"]
[WhiteElo "2305"]
[WhiteRD "73"]
[BlackElo "2043"]
[BlackRD "80"]
[GameID "461828"]

1. d4 Nf6 2. c4 g6 3. Nc3 Bg7 4. e4 d6 5. f3 O-O 6. Be3 e5 7. Nge2 exd4 8. Nxd4 Nbd7 9. Qd2 a5 10. Be2 Nh5
11. O-O-O Nb6 12. g4 Nf6 13. h4 h5 14. g5 Nfd7 15. Ndb5 Bxc3 16. Qxc3 Ne5 17. Qxe5
1-0

[Event "try it"]
[Site "SchemingMind.com"]
[Date "2020.11.09"]
[Round "-"]
[White "Exal Garcia-Carrillo"]
[Black "Derek Price"]
[Result "0-1"]
[WhiteCountry "MEX"]
[BlackCountry "ENG"]
[WhiteElo "2043"]
[WhiteRD "80"]
[BlackElo "2305"]
[BlackRD "73"]
[GameID "461829"]

1. d4 Nf6 2. c4 g6 3. Nc3 Bg7 4. e4 d6 5. f3 O-O 6. Be3 Nbd7 7. Bd3 c5 8. d5 Ne5 9. Bc2 Nxc4 10. Bc1 e6
11. b3 Nxd5
0-1

[Event "try it"]
[Site "SchemingMind.com"]
[Date "2020.11.07"]
[Round "-"]
[White "cnile"]
[Black "Exal Garcia-Carrillo"]
[Result "0-1"]
[WhiteCountry "SCO"]
[BlackCountry "MEX"]
[WhiteElo "1433"]
[WhiteRD "62"]
[BlackElo "1979"]
[BlackRD "82"]
[GameID "461830"]

1. d4 Nf6 2. c4 g6 3. Nc3 Bg7 4. e4 d6 5. f3 O-O 6. Be3 e5 7. dxe5 dxe5 8. Bd3 Nc6 9. Bc2 Be6 10. b3 Nd4
11. Nge2 Nxc2+ 12. Qxc2 Qe7 13. O-O c6 14. Rad1 Rfd8 15. Ng3 Nh5 16. Nxh5 gxh5 17. a4 h4 18. Qe2 h3 19. g3 Qb4 20. Qb2 Bxc4
21. Rfe1 Qxb3 22. Qxb3 Bxb3 23. Kf2 Bxd1 24. Rxd1 Rxd1 25. Nxd1 Rd8 26. Ke2 b6 27. Nf2 Bf8 28. Nxh3 c5 29. Nf2 c4 30. Ng4 Bg7
31. Bd2 a6 32. Bc3 f6 33. Ne3 Rd3 34. Bb2 Rb3 35. Nxc4 b5
0-1

[Event "try it"]
[Site "SchemingMind.com"]
[Date "2020.11.08"]
[Round "-"]
[White "Exal Garcia-Carrillo"]
[Black "cnile"]
[Result "1-0"]
[WhiteCountry "MEX"]
[BlackCountry "SCO"]
[WhiteElo "1979"]
[WhiteRD "82"]
[BlackElo "1433"]
[BlackRD "62"]
[GameID "461831"]

1. d4 Nf6 2. c4 g6 3. Nc3 Bg7 4. e4 d6 5. f3 O-O 6. f4 e5 7. fxe5 dxe5 8. d5 Nbd7 9. Nf3 Nc5 10. Qc2 Re8
11. Bg5 Bg4 12. h3 Bxf3 13. gxf3 Qd6 14. h4 Nh5 15. b4 Nd7 16. c5 Qf8 17. Bb5 Red8 18. Bxd8 Rxd8 19. Bxd7 Rxd7 20. Qa4 a6
21. Qxd7 Nf4 22. O-O-O
1-0

[Event "try it"]
[Site "SchemingMind.com"]
[Date "2020.11.07"]
[Round "-"]
[White "Shanks"]
[Black "Exal Garcia-Carrillo"]
[Result "0-1"]
[WhiteCountry "ENG"]
[BlackCountry "MEX"]
[WhiteElo "1124"]
[WhiteRD "60"]
[BlackElo "2043"]
[BlackRD "80"]
[GameID "461832"]

1. d4 Nf6 2. c4 g6 3. Nc3 Bg7 4. e4 d6 5. f3 O-O 6. Nb1 e5 7. d5 Nbd7 8. Nc3 Nh5 9. Nge2 Nc5 10. g4 Qh4+
11. Kd2 f5 12. exf5 Qf2 13. Kc2 Rxf5 14. gxf5 Bxf5+ 15. Kd2 Bh6+ 16. f4 Bxf4#
0-1

[Event "try it"]
[Site "SchemingMind.com"]
[Date "2020.11.07"]
[Round "-"]
[White "Exal Garcia-Carrillo"]
[Black "Shanks"]
[Result "1-0"]
[WhiteCountry "MEX"]
[BlackCountry "ENG"]
[WhiteElo "1979"]
[WhiteRD "82"]
[BlackElo "1082"]
[BlackRD "64"]
[GameID "461833"]

1. d4 Nf6 2. c4 g6 3. Nc3 Bg7 4. e4 d6 5. f3 O-O 6. Bd3 b6 7. Be3 Bb7 8. Qd2 Re8 9. Nge2 Nc6 10. h4 h5
11. a3 e5 12. d5 Ne7 13. g4 c5 14. O-O-O Kf8 15. Bg5 a5 16. Ng3 Rb8 17. gxh5 gxh5 18. Rdg1
1-0